[Event "EU-ch 23rd"]
[Site "Vrnjacka Banja"]
[Date "2023.03.07"]
[Round "5"]
[White "Zadravec, Matija"]
[Black "Sousa, Andre Ventura"]
[Result "0-1"]
[WhiteElo "2248"]
[BlackElo "2464"]
[PlyCount "74"]
[EventDate "2023.03.03"]
[EventType "swiss"]
[EventRounds "11"]
[EventCountry "SRB"]
[SourceTitle "CBM 213"]
[Source "ChessBase"]
[SourceDate "2023.04.30"]
[SourceVersion "1"]
[SourceVersionDate "2023.04.30"]
[SourceQuality "1"]

1. e4 c6 2. d4 d5 3. e5 Bf5 4. h4 h6 5. g4 Bd7 6. Nc3 Qc8 7. Be2 e6 8. Be3 c5 9. Nf3 a6 10. h5 Nc6 11. Na4 Nxd4 12. Nb6 Qd8 13. Nxa8 Nxe2 14. Qxe2 Bb5 15. Qd2 Qxa8 16. 0-0-0 b6 17. Rh3 Ne7 18. Rg1 d4 19. Bf4 Qd5 20. Kb1 Nc6 21. g5 hxg5 22. Bxg5 Nxe5 23. Nxe5 Qxe5 24. Qf4 Qxf4 25. Bxf4 Kd7 26. c3 f6 27. cxd4 cxd4 28. Bd2 e5 29. Kc2 Ke6 30. a3 a5 31. b4 a4 32. Bc1 g5 33. Bxg5 fxg5 34. Rxg5 Be8 35. f4 exf4 36. Rh1 Kf6 37. Rd5 Bc6 0-1

[Event "EU-ch 23rd"]
[Site "Vrnjacka Banja"]
[Date "2023.03.05"]
[Round "3"]
[White "Zadravec, Matija"]
[Black "Stalmach, Richard"]
[Result "0-1"]
[WhiteElo "2248"]
[BlackElo "2436"]
[PlyCount "60"]
[EventDate "2023.03.03"]
[EventType "swiss"]
[EventRounds "11"]
[EventCountry "SRB"]
[SourceTitle "CBM 213"]
[Source "ChessBase"]
[SourceDate "2023.04.30"]
[SourceVersion "1"]
[SourceVersionDate "2023.04.30"]
[SourceQuality "1"]

1. e4 c5 2. Nc3 Nc6 3. Bb5 Nd4 4. Nf3 e6 5. 0-0 a6 6. Bd3 Nc6 7. Nd5 Bd6 8. Ne3 Nf6 9. b4 cxb4 10. Bb2 Qc7 11. Nc4 Be7 12. e5 Nd5 13. Be4 b5 14. Nd6+ Bxd6 15. exd6 Qxd6 16. Bxg7 Rg8 17. Bh6 Bb7 18. Bxh7 Rh8 19. Ng5 0-0-0 20. Bg7 Rxh7 21. Nxh7 Rg8 22. Bb2 Nf4 23. g3 Nd4 24. f3 Rxg3+ 25. hxg3 Nfe2+ 26. Qxe2 Nxe2+ 27. Kf2 Qxd2 28. Rad1 Qxc2 29. Be5 Nf4+ 30. Ke3 Ng2+ 0-1

[Event "Hum na Sutli op 14th"]
[Site "Hum na Sutli"]
[Date "2022.08.20"]
[Round "2"]
[White "Krnic, Ivan"]
[Black "Zadravec, Matija"]
[Result "1/2-1/2"]
[WhiteElo "1995"]
[BlackElo "2255"]
[PlyCount "87"]
[EventDate "2022.08.20"]
[EventType "swiss"]
[EventRounds "9"]
[EventCountry "CRO"]
[SourceTitle "CBM 210 Extra"]
[Source "ChessBase"]
[SourceDate "2022.11.30"]
[SourceVersion "1"]
[SourceVersionDate "2022.11.30"]
[SourceQuality "1"]

1. e4 c5 2. Na3 Nc6 3. Bb5 g6 4. c3 Bg7 5. Nf3 Nf6 6. e5 Nd5 7. d4 cxd4 8. cxd4 0-0 9. 0-0 d6 10. Nc4 Bg4 11. h3 Bxf3 12. Qxf3 dxe5 13. Bxc6 bxc6 14. dxe5 Nb6 15. Nxb6 Qxb6 16. Qc3 Rfd8 17. Bg5 Rd5 18. Rfe1 Rc5 19. Be3 Rxc3 20. Bxb6 Rd3 21. Ba5 Rd5 22. Bc3 Rad8 23. Re4 e6 24. Rae1 Bh6 25. f4 Bf8 26. Kh2 h5 27. g3 R8d7 28. Kg2 Be7 29. Rc4 c5 30. Rf1 Kg7 31. g4 Rd1 32. f5 Rxf1 33. Kxf1 gxf5 34. gxf5 Kh6 35. f6 Bf8 36. Ke2 Kg6 37. Rf4 Bh6 38. Rf2 Rd5 39. Rg2+ Kf5 40. Rg8 Bf4 41. Rg7 Rd7 42. Rh7 Kg6 43. Rg7+ Kf5 44. Rh7 1/2-1/2

[Event "Bosnjaci op 26th"]
[Site "Bosnjaci"]
[Date "2022.01.05"]
[Round "4"]
[White "Jelecevic, Ivo"]
[Black "Zadravec, Matija"]
[Result "0-1"]
[WhiteElo "2127"]
[BlackElo "2249"]
[PlyCount "60"]
[EventDate "2022.01.03"]
[EventType "swiss"]
[EventRounds "9"]
[EventCountry "CRO"]
[SourceTitle "EXT 2023"]
[Source "ChessBase"]
[SourceDate "2022.10.05"]
[SourceVersion "1"]
[SourceVersionDate "2022.10.05"]
[SourceQuality "1"]

1. e4 e5 2. Nf3 Nc6 3. Nc3 Bc5 4. Bb5 d6 5. d4 exd4 6. Nxd4 Bd7 7. Bxc6 bxc6 8. 0-0 Qf6 9. Be3 Ne7 10. f4 0-0 11. Qd3 Bb6 12. Rae1 c5 13. Nf3 c4 14. Qxc4 Bxe3+ 15. Rxe3 Qxf4 16. Rd3 Rac8 17. Qd4 Nc6 18. Qf2 Be6 19. b3 f5 20. Nd5 Qh6 21. exf5 Rxf5 22. c4 Bxd5 23. Rxd5 Ne5 24. Qxa7 Rcf8 25. Qd4 Nxf3+ 26. Rxf3 Rxf3 27. gxf3 Rxf3 28. Qd1 Qe3+ 29. Kh1 Rf2 30. Rd4 Re2 0-1

[Event "CRO-chT1B 29th"]
[Site "Mali Losinj"]
[Date "2021.09.26"]
[Round "2.15"]
[White "Zadravec, Matija"]
[Black "Martic, Zlatko"]
[Result "1/2-1/2"]
[WhiteElo "2232"]
[BlackElo "2281"]
[PlyCount "113"]
[EventDate "2021.09.25"]
[EventType "team-tourn"]
[EventRounds "11"]
[EventCountry "CRO"]
[SourceTitle "CBM 204 Extra"]
[Source "ChessBase"]
[SourceDate "2021.11.30"]
[SourceVersion "1"]
[SourceVersionDate "2021.11.30"]
[SourceQuality "1"]
[WhiteTeam "Mihovljan Sloboda"]
[BlackTeam "Slavonski Brod Djakovic"]
[WhiteTeamCountry "CRO"]
[BlackTeamCountry "CRO"]

1. d4 Nf6 2. Nf3 c5 3. d5 e6 4. Nc3 exd5 5. Nxd5 Nxd5 6. Qxd5 Be7 7. Bf4 Nc6 8. 0-0-0 Nb4 9. Qb3 b5 10. a3 c4 11. Qe3 Nc6 12. Nd4 Nxd4 13. Qxd4 0-0 14. Be5 f6 15. Qd5+ Kh8 16. Bd6 Bxd6 17. Qxa8 Qc7 18. Qd5 Bc5 19. e3 d6 20. b4 cxb3 21. Qxb3 Qa5 22. Kb2 Bd7 23. Bd3 Re8 24. Ra1 Be6 25. Qc3 Qb6 26. Kc1 d5 27. Qd2 Rc8 28. Kd1 b4 29. Rb1 a5 30. axb4 axb4 31. h3 f5 32. Re1 Qd6 33. Ke2 d4 34. e4 fxe4 35. Bxe4 Rf8 36. Qd3 Qf4 37. Bf3 Qf7 38. Kd1 Bc4 39. Qd2 b3 40. cxb3 Bxb3+ 41. Rxb3 Qxb3+ 42. Qc2 Qa3 43. Re4 d3 44. Qc1 Qb3+ 45. Ke1 Bb6 46. Kf1 Qa2 47. Qe1 d2 48. Qd1 Qb2 49. g3 Qc1 50. Rf4 Re8 51. Kg2 h6 52. Qa4 Qe1 53. Bh5 Rd8 54. Qb4 d1Q 55. Bxd1 Rxd1 56. Qf8+ Kh7 57. Qf5+ 1/2-1/2